Vinárstvo

Salvato in:
Dettagli Bibliografici
Autore principale: Cíbiková, Beáta (Autore)
Altri autori: Mellner, Dušan (Relatore della tesi)
Natura: Manoscritto Libro
Lingua:slovacco
Pubblicazione: 2020
Soggetti:
Accesso online:http://is.stuba.sk/zp/portal_zp.pl?podrobnosti=136688
https://opac.crzp.sk/?fn=detailBiblioForm&sid=551040C4B46A551A426EF9C2BF23
Tags: Aggiungi Tag
Nessun Tag, puoi essere il primo ad aggiungerne!!

MARC

LEADER 00000ntm a22000003a 4500
001 stuzp76999
003 SK-STU
005 20230516134253.8
007 ta
008 150427s2015----xo-----f-mn---000-0-slo-d
040 |a STU  |b slo 
041 0 |a slo 
100 1 |a Cíbiková, Beáta  |u 010310  |4 aut  |U SvF Stavebná fakulta  |T SvF Katedra architektúry  |X 87292  |U V181|V310  |Y 19  |7 87292 
242 0 1 |a The Winery  |y eng 
245 1 0 |a Vinárstvo 
260 |c 2020 
650 4 |a Bakalárska práca  |2 slo 
650 4 |a Vinárstvo  |2 slo 
650 4 |a Modra  |2 slo 
650 4 |a Winery  |2 eng 
650 4 |a Modra  |2 eng 
650 4 |a Bachelor thesis  |2 eng 
700 1 |a Mellner, Dušan  |u 010310  |k Z1  |4 ths  |U SvF Stavebná fakulta  |T SvF Katedra architektúry  |X 5310  |U V181|V310  |Y 19  |7 5310 
856 4 |u http://is.stuba.sk/zp/portal_zp.pl?podrobnosti=136688 
856 4 |u https://opac.crzp.sk/?fn=detailBiblioForm&sid=551040C4B46A551A426EF9C2BF23